The Daily Show Correspondents Quiz Stats

 Plays Quiz Updated Jan 28, 2017

Support Sporcle.
Go Orange.
Score 0/20 Timer 05:00
0 Plays Today
% Correct
Stephen Colbert
95%
Steve Carell
85.1%
John Oliver
84.3%
Samantha Bee
79.2%
Lewis Black
78%
Ed Helms
69.9%
Olivia Munn
60.4%
Rob Riggle
56.9%
Larry Wilmore
50.8%
Jason Jones
49.7%
% Correct
Mo Rocca
45.3%
Demetri Martin
44.6%
Rob Corddry
41.1%
Kristen Schaal
40.8%
Wyatt Cenac
40.8%
Aasif Mandvi
39.9%
John Hodgman
35.6%
Jessica Williams
32.9%
Al Madrigal
28.7%
Dave Attell
27.3%

You're not logged in!

Compare scores with friends on all Sporcle quizzes.
OR
Log In
Forgot?

From the Vault

Those 12 Flags: Politicians

by Flick

It really helps when they wear the little pin with the flag on it.
Remove Ads.
Support Sporcle.
Get the best of Sporcle when you Go Orange. This ad-free experience offers more features, more stats, and more fun while also helping to support Sporcle. Thank you for becoming a member.

Show Comments

Extras

Top Quizzes Today


Score Distribution

Your Account Isn't Verified!

In order to create a playlist on Sporcle, you need to verify the email address you used during registration. Go to your Sporcle Settings to finish the process.

Report this User

Report this user for behavior that violates our Community Guidelines.

Details: